Entomological problems

Bibliographic Details
Previous Title:Entomologické problémy
Format: Journal
Language:English
PhysicalDescription:15 zv. 24-30 cm
Published: Ivanka pri Dunaji Ústav experimentálnej fytopatológie a entomológie SAV 1993-2007
Bratislava Ústav zoológie SAV
ISSN:1335-5899
0071-0792
Subjects:
Online Access:http://www.entomologicalproblems.sav.sk/

MARC

LEADER 00000cas a2200000 a 4500
001 vtls008887846
003 SK-MaSNL
005 20260228162258.0
008 061205d19932007xo fr|p 0 a0eng
022 |a 1335-5899 
035 |a (SVKBB03)vtls000218654 
040 |a SNK  |b slo  |c SNK  |d SVKBB  |d SAVUK  |e AACR2 
041 0 |a eng 
044 |a xo  |c SK 
072 7 |a 59  |x Zoológia  |2 konspekt 
080 |a 595.7  |2 2001 
080 |a 070.486  |2 2011 
080 |a 050  |2 2011 
210 0 |a Entomol. probl.  |b (Bratisl.) 
222 0 |a Entomological problems  |b (Bratislava) 
245 0 0 |a Entomological problems 
246 1 2 |a Klíč k určování středoevropských druhů čeledi Fanniidae (Diptera)  |n Supplement No. 1, 1995 
260 |a Ivanka pri Dunaji  |b Ústav experimentálnej fytopatológie a entomológie SAV  |c 1993-2007 
260 3 |3 2003-2007  |a Bratislava  |b Ústav zoológie SAV 
300 |a 15 zv.  |c 24-30 cm 
310 |a 2x ročne 
362 0 |a Vol. 24, no. 1 (June 1993)-vol. 37, no. 1/2 (Nov. 2007) 
500 |a Popis podľa: Roč. 36, č. 1 (2006) 
500 |a Od r. 1996 formát 30 cm 
504 |a Bibliografické odkazy 
550 |a Vydáva Ústav zoológie SAV v spolupr. so Slovenskou entomologickou spoločnosťou 
650 0 7 |a entomológia  |2 SNKPH  |9 22642 
650 0 7 |a Entomology  |2 SNKPHeng  |9 267395 
655 7 |a odborné časopisy  |2 SNKPH  |9 70505 
655 7 |a Professional journals  |2 SNKPHeng  |9 265007 
710 2 |a Slovenská akadémia vied.  |b Ústav experimentálnej fytopatológie a entomológie  |4 pbl  |9 89605 
710 2 |a Slovenská akadémia vied.  |b Ústav zoológie  |4 pbl  |9 32782 
710 2 |a Slovenská entomologická spoločnosť  |4 pbl  |9 33742 
780 0 0 |t Entomologické problémy  |x 0071-0792  |w vtls010187657 
856 4 0 |u http://www.entomologicalproblems.sav.sk/ 
910 |a snk 
910 |a savuk 
999 |c 7399  |d 9329 
952 |0 0  |1 0  |4 0  |7 0  |8 1  |a SNK  |b SNK  |d 2000-04-06  |i snkD 206/2000  |l 0  |o snkČSC 1159/A/1995  |p 17A0230634  |r 2005-01-02 00:00:00  |t suppl. 1  |w 2026-02-21  |y PREZ 
952 |0 0  |1 0  |4 0  |7 0  |8 1  |a SNK  |b SNK  |d 2000-04-06  |i snkD 207/2000  |l 0  |o snkČSC 1159/A.1995.1 D1  |p 17A0230633  |r 2005-01-02 00:00:00  |w 2026-02-21  |y PREZ 
952 |0 0  |1 0  |4 0  |7 0  |8 0  |a SNK  |b SNK  |d 2020-03-04  |i snk2020/5568  |l 0  |o snkČSC 1159/36/2006  |p 17A1386950  |r 2026-02-21 22:30:03  |t č. 1-2, neúplné  |w 2026-02-21  |y PREZ  |z Chýba č. 2 
952 |0 0  |1 0  |4 0  |7 0  |8 0  |a SNK  |b SNK  |d 2020-03-04  |i snk2020/5569  |l 0  |o snkČSC 1159/36/2006 D1  |p 17A1386951  |r 2026-02-21 22:30:03  |t č. 1-2, neúplné  |w 2026-02-21  |y PREZ  |z Chýba č. 2